01974cam a2200265 i 450000100060000000300080000600500170001400800410003102000330007202000300010503500190013504000500015404100080020408200250021224500880023726000500032530000260037550400510040150509400045265100430139270000960143594200120153199900170154395201480156044420BD-RjUL20211209053844.0160717s2013 ii b 001 0 eng d a9788177083552c: IRs. 790.00 a8177083554c: IRs. 790.00 a(BD-RjUL)44538 aBTCTAbengerdacBTCTAdYDXCPdDKAGEdBD-RjUL aeng04a327.54223bSOU 201300aSouth Asia :bpost-Nehruvian dynamics of diplomacy /cedited by K.M. Sajad Ibrahim. aNew Delhi: bNEW century Publications, c2016 axxi, 239 p. ;c23 cm. aIncludes bibliographical references and index.0 aIndia's external environment and threat perceptions / G.P. Ramachandra -- Nuclear proliferation challenges and asymmetric conflicts in South Asia / W. Lawrence S. Prabhakar -- Developing a cogent vision for peace in South Asia / Maqbool Ahmed Siraj -- China's South Asian strategy in the 21st century / Joseph Antony -- Islam and governance interplay : the Pakistan experience / Sayed Abdul Muneem Pasha -- Concords and discords in Indo-Australia relations / Josukutty C.A. -- China's growing influence in South Asia and India's response / S.Y. Surendra Kumar -- Emerging Indo-US equations / Venkat Lokanathan -- China's involvement in South Asia and India's concerns / Anil Kumar P. -- India and Pakistan in Afghanistan / Khursheed Ahmad Wani -- Search for public sphere in the radicalised Pakistan / Shibu M.P. -- India's role in South Asia / Shyna V.V. -- Af-Pak region : a major challenge to peace in South Asia / Yaqoob Ul Hassan. 0aSouth AsiaxForeign relations.91291901 aIbrahim, K. M. Sajadq(Kottappurath Muhammed Sajad),d1967-eeditor of compilation.9136346 2ddccBK c44420d44420 00102ddc40718NFICaRUCLbRUCLcReadingd2016-06-05eV.C. Office, R.U.g790.00l0o327.54 SOU 2013r2016-07-17 00:00:00tC-1w2016-07-17yBK